| 000 | 00488nam a2200169Ia 4500 | ||
|---|---|---|---|
| 005 | 20240530071027.0 | ||
| 008 | 240331s9999 xx 000 0 und d | ||
| 020 | _a9555800695 | ||
| 082 |
_bKAR _a341 |
||
| 100 | _aKarunaratatna , Favero Rossana | ||
| 245 | 0 |
_aSudu : _ba reflection on the legal status of foreign spouses in Sri Lanka |
|
| 260 |
_aColombo _bInternational Centre for Ethnic Studies _c2002 |
||
| 300 | _a60 p ., | ||
| 650 | _aWomen's Rights | ||
| 650 | _aLaws | ||
| 942 | _cL | ||
| 999 |
_c4957 _d4957 |
||